| 000 | 00000nam##2200000za#4500 |
| 001 | 9.568389 |
| 003 | CaOODSP |
| 005 | 20240215150447 |
| 007 | cr ||||||||||| |
| 008 | 150406|2004||||xxc|||||o f|0| 0 eng|d |
| 040 | |aCaOODSP|beng |
| 043 | |an-cn--- |
| 086 | 1 |aPS83-3/148E-PDF |
| 110 | 2 |aCorrectional Service Canada. |
| 245 | 10|aManitoba : |h[electronic resource]|ban examination of the program needs of Métis offenders in federal correctional facilities / |c[by] Joseph Mileto, Shelley Trevethan and John-Patrick Moore. |
| 260 | |bCorrectional Service Canada |cJune 2004. |
| 300 | |a102p.|bgraphs, references, tables |
| 490 | 1 |aResearch report|vR-148 |
| 590 | |a10-14-Supp|b2010-12-03 |
| 720 | 1 |aTrevethan, Shelley |
| 720 | 1 |aMileto, Joseph A. |
| 720 | 1 |aMoore, John-Patrick |
| 775 | 08|tExamen des besoins en matière de programmes des délinquants métis dans les établissements correctionnels fédéraux au Manitoba / |w(CaOODSP)9.599677 |
| 830 | #0|aResearch report (Correctional Service Canada. Research Branch)|vR-148|w(CaOODSP)9.506063 |
| 856 | 40|ahttp://publications.gc.ca|qPDF|s2 MB|uhttps://publications.gc.ca/collections/collection_2010/scc-csc/PS83-3-148-eng.pdf|yR-148 |